50 States, 50 People - Statistics

General Stats
  • This quiz has been taken 68 times
  • The average score is 26 of 50
Answers on the Map
Answers color-coded by a green-red scale on the quiz's map according to % correct below.
 
Answer Stats
Hint Answer % Correct
Abraham Lincoln Kentucky
90%
Lady Gaga New York
83%
Aubrey Plaza Delaware
77%
Neil Armstrong Ohio
77%
Diana Ross Michigan
75%
Larry Bird Indiana
73%
Johnny Cash Arkansas
69%
George W. Bush Connecticut
69%
Bruno Mars Hawaii
67%
Helen Keller Alabama
65%
Tom Arnold Iowa
60%
Kobe Bryant Pennsylvania
60%
Tim McGraw Louisiana
58%
Faith Hill Mississippi
58%
Blake Griffin Oklahoma
58%
Owen Wilson Texas
58%
Melville Fuller Maine
56%
Curt Schilling Alaska
54%
Kanye West Georgia
54%
Melissa McCarthy Illinois
54%
Neil Patrick Harris New Mexico
54%
Katy Perry California
52%
Chad Johnson Florida
52%
Chris Patt Minnesota
52%
Billie Bird Idaho
50%
John Cena Massachusetts
50%
Don Cheadle Missouri
50%
Adam Sandler New Hampshire
50%
Alice Cooper Arizona
48%
Chris Browning Nevada
48%
Hattie McDaniel Kansas
46%
Anna Faris Maryland
46%
Scott Porter Nebraska
46%
Sally Struthers Oregon
46%
Orson Bean Vermont
46%
Jon Heder Colorado
44%
Gary Cooper Montana
44%
Megan Fox Tennessee
44%
Nolan Bushnell Utah
44%
Paul Rudd New Jersey
42%
Mark Ruffalo Wisconsin
42%
Mikey Barone Rhode Island
40%
Chris Rock South Carolina
40%
Ben Vereen North Carolina
38%
Adam Craig Washington
38%
Ashlynn Yennie Wyoming
38%
Greg Raymer North Dakota
35%
Emmy Raver-Lampman Virginia
35%
Hal Greer West Virginia
35%
Sam Anderson South Dakota
33%
No matching quizzes found
Score Distribution
Percent of People with Each Score
Percentile by Number Answered
Your Score History
You have not taken this quiz